What happens in Hamlet
Guardat en:
| Autor principal: | |
|---|---|
| Format: | Llibre |
| Idioma: | anglès |
| Publicat: |
Londres
Cambridge
1951
|
| Edició: | 3a. ed |
| Matèries: | |
| Etiquetes: |
Afegir etiqueta
Sense etiquetes, Sigues el primer a etiquetar aquest registre!
|
MARC
| LEADER | 00000nam a2200000 a 4500 | ||
|---|---|---|---|
| 001 | UCT2548 | ||
| 003 | CL-VaPUC | ||
| 008 | 961011e19510000UK |||||||||||||||||eng|d | ||
| 082 | 0 | 4 | |a 822.09 |b WIL |2 21 |
| 100 | 0 | |a Wilson, J. Dover |e author |9 371559 | |
| 245 | 1 | 0 | |a What happens in Hamlet |
| 250 | |a 3a. ed | ||
| 300 | |a 357 p | ||
| 942 | |c BK | ||
| 945 | |d 19961011 00:00:00 |a rleighto | ||
| 260 | |a Londres |b Cambridge |c 1951 | ||
| 600 | 0 | |a Shakespeare, William |9 265757 | |
| 650 | 0 | |a Teatro inglés |9 265744 | |
| 650 | 0 | |a Crítica e interpretación |9 255042 | |
| 650 | 0 | |a Crítica literaria |9 269189 | |
| 583 | |a last modification |c 19961011 00:00:00 |k Rodrigo Vera | ||
| 999 | |c 252606 |d 252604 | ||
| 952 | |0 0 |1 0 |4 0 |6 822_090000000000000_WIL_1951 |7 0 |8 A |9 272543 |a BIBEDU |b BIBEDU |d 2019-11-19 |i 3239586 |l 1 |o 822.09 WIL 1951 |p 3239586 |r 2024-04-17 |s 2024-04-17 |w 2019-11-19 |y BK |k LIT | ||